000
00327nam a22001457a 4500
020
_a
978-93-5316-251-1
041
_a
ENG
100
_a
Kalsi.H.S
245
_a
Electronic Instrumentation And Measurements
250
_a
4 Edition
260
_a
Chennai
_b
Mc Graw Hill
_c
2019
300
_a
705
650
_a
EOES
856
_u
EOES
999
_c
64
_d
64